000 00887nam a22002657i 4500
999 _c162524
_d162524
003 OSt
005 20180728112433.0
007 ta
008 180612s2016 cc a|||j |||| 00| 0 chi d
020 _a9787531887089
_cRM 26.25
_qpaperback
040 _aPPAK
_beng
_cPPAK
_erda
082 _223
_a895.13
090 _a895.13
_dK
245 _aLing luan de fang jian =
_bMessy room /
_cCui Zhonglei
264 _aHarbin :
_bHeilongjiang Fine Arts Publishing House ;
_c2016
300 _a48 pages :
_bcolour illustrated ;
_c22 cm
336 _2rdacontent
_atext
337 _2rdamedia
_aunmediated
338 _2rdacarrier
_avolume
490 _aLittle stupid bear wisdom Little stupid bear story - Behavior 1000
650 _aChildren's stories, Chinese
700 _aZhonglei, Cui,
_eeditor
830 _aLittle stupid bear wisdom Little stupid bear story - Behavior 1000
942 _2ddc
_cB